LEADER 01121nam0-22002891i-450- 001 990000082820403321 035 $a000008282 035 $aFED01000008282 035 $a(Aleph)000008282FED01 035 $a000008282 100 $a20011111d--------km-y0itay50------ba 101 0 $aita 105 $ay-------001yy 200 1 $aOsservazioni e note sul terremoto calabro-siculo del 28 dicembre 1908 e sul modo di resistere degli edifici inmuratura contro gli urti sismici$eproposta di una nuova forma di materiale laterizio per costruire di muri monolitici asismici$fFrancesco Pisani. 210 $aIn Pisa$cDalla tipografia O. Prosperi$d1911 215 $a47 p.$cill.$d24 cm 610 0 $aCostruzioni antisismiche 676 $a693.852 700 1$aPisani,$bFrancesco$05608 801 0$aIT$bUNINA$gRICA$2UNIMARC 901 $aBK 912 $a990000082820403321 952 $a13 N 13 07$b508$fFINBC 959 $aFINBC 996 $aOsservazioni e note sul terremoto calabro-siculo del 28 dicembre 1908 e sul modo di resistere degli edifici inmuratura contro gli urti sismici$9110101 997 $aUNINA DB $aING01 LEADER 00892nam0-2200277 --450 001 9911005394303321 005 20250610105731.0 010 $a978-88-96044-68-1 100 $a20250610d2024----kmuy0itay5050 ba 101 0 $aita$cita 102 $aIT 105 $aa 001yy 200 1 $aEpigenetica e psiconeuroendocrinoimmunologia della nutrizione e dell'esercizio fisico$fPierluigi De Pascalis 210 $aCastello D'Argile (Bo)$cNonsolofitness$dc2024 215 $a418 p.$cill.$d24 cm 610 0 $aGenetica 610 0 $aEpigenetica 676 $a576.5$v23$zita 700 1$aDe Pascalis,$bPierluigi$01360485 801 0$aIT$bUNINA$gREICAT$2UNIMARC 901 $aBK 912 $a9911005394303321 952 $a576.5-DEP-1$b226/2025$fSC1 959 $aSC1 996 $aEpigenetica e psiconeuroendocrinoimmunologia della nutrizione e dell'esercizio fisico$94393192 997 $aUNINA